[Event "Beersheba 16th"]
[Site "Beersheba"]
[Date "1997.03.02"]
[Round "6"]
[White "Dvoirys, Semen I"]
[Black "Tseitlin, Mark D"]
[Result "1-0"]
[WhiteElo "2590"]
[BlackElo "2505"]
[Annotator "Tyomkin,D"]
[PlyCount "109"]
[EventDate "1997.02.24"]
[EventType "tourn"]
[EventRounds "11"]
[EventCountry "ISR"]
[EventCategory "12"]
[SourceTitle "CBM 058"]
[Source "ChessBase"]
[SourceDate "1997.06.01"]
[SourceVersion "1"]
[SourceVersionDate "1997.06.01"]
[SourceQuality "1"]

1. e4 c5 2. Nf3 d6 3. d4 cxd4 4. Nxd4 Nf6 5. Nc3 Nc6 6. Bg5 e6 7. Qd2 a6 8.
O-O-O h6 9. Be3 Be7 10. f4 Nxd4 11. Bxd4 b5 12. Bd3 b4 13. Ne2 Qa5 14. Kb1 e5
15. Be3 O-O 16. Rhf1 {White can try to get something from the opening just
after16.Ng3(see game Dvoirys-Tyomkin from the same tournament),but also there
I like black's position} (16. h3 {Tyomkin,D} Be6 17. Nc1 (17. b3 $5) 17... exf4
18. Bxf4 Nd7 {1/2-1/2 Dimitrov,V-Zontah,A,1995}) (16. Ng3 $1 $146 {Tyomkin,D
Other continuations lead to the good position for black} Ng4 (16... Rd8 {
Tyomkin,D} 17. Bc4 (17. Rhf1 {=16.Raf1}) 17... Bg4 18. Rde1 d5 (18... Nxe4 19.
Nxe4 d5 20. Qf2 $1 $16 {[%cal Ge3b6]}) (18... Rac8 19. Bb3 d5 20. exd5 Nxd5 21.
Qf2 $14 {[%cal Gb3f7]}) 19. exd5 Nxd5 20. Qf2 $14) (16... Be6 $5 {Tyomkin,D})
17. f5 $6 (17. Bg1 {Tyomkin,D} Be6 18. b3 exf4 19. Qxf4 Bf6 (19... Bg5 20. Qxd6
Rfd8 21. Qb6 Qe5 22. Qc5) 20. Nf5 Bxf5 (20... g5 21. Qxg4 Qe5 22. Kc1 $1) 21.
exf5 (21. Qxf5 Qxf5 (21... Qa3 $2 22. e5 {[%cal Gd3h7]}) (21... Ne5 22. Be3 $14
) 22. exf5 Rfe8 $11) 21... Ne5 22. Be4 $14) (17. Bc4 {Tyomkin,D} Nxe3 18. Qxe3
Bg4 19. Rdf1 $14) 17... Bb7 18. Qe2 (18. Bg1 {Tyomkin,D} d5) 18... Nxe3 19.
Qxe3 d5 {1/2-1/2 Dvoirys,S-Tyomkin,D/The 16th Festival Group A 1997 (43);CBM58}
) 16... Rd8 (16... Be6 {Tyomkin,D} 17. b3 d5 18. exd5 Nxd5 19. f5 $14) 17. Ng3
Be6 18. b3 d5 {[%cal Gd8d2] typical sicilian move in this structure} 19. Qe1 (
19. fxe5 $2 Nxe4 20. Bxe4 dxe4 21. Qf2 Qxe5 22. Bd4 Qd5 $17) (19. f5 $6 Bc8 {
[%cal Gc8b7]}) 19... Bg4 $1 $146 (19... Ng4 $5 20. Bg1 (20. f5 $5 Bc8) 20...
exf4 21. Rxf4 Bg5 (21... Bf6 22. exd5 Bc3 {Now white desides the game by the
brilliant attack} (22... Rxd5 23. Qxb4 $16) 23. Qe4 Qa3 (23... g6 24. dxe6 Qa3
25. exf7+ Kh8 26. Bd4+ (26. f8=Q+ $144)) 24. Qh7+ Kf8 25. Bc5+ Ke8 26. Qg8+ Kd7
{[%tqu "En","How do you continue the attack?","","","f4f7","",5,"d5e6","",0]}
27. Rxf7+ (27. dxe6+ Kc6 28. Be4+ Kxc5 $19) 27... Kc8 (27... Bxf7 28. Qxf7+ Kc8
29. Bf5+ Kb8 {[%tqu "En","Find the mating continuation","","","c5d6","",10]}
30. Bd6+ Rxd6 31. Qf8+ Kb7 32. Qe7+ Kb8 33. Qxd6+ Kb7 34. Qc6+ $18) {[%tqu
"En","If you don't give a mate you'll get it yourself,so...","","","d3a6","",
15]} 28. Bxa6+ $1 Rxa6 (28... Qxa6 {[%tqu "En","Why did you give a bishop in
your last move?You can justify it now","","","g8d8","",10]} 29. Qxd8+ $1 Kxd8
30. dxe6+ Kc8 31. Rf8+ Kc7 32. Rd7+ Kc6 33. Rd6+ Kxc5 34. Ne4+ Kb5 {[%tqu "En",
"Have you seen what are you going to do now,when you sacrificed all your
pieces?","","","a2a4","",10]} 35. a4+ $1 bxa3 36. Nxc3+ $18) {[%tqu "En","Do
you see a next sacrifice?","","","g8d8","",10]} 29. Qxd8+ $1 Kxd8 30. dxe6+ Kc8
31. Rf8+ Kc7 32. Rd7+ Kc6 33. Rc8+ Kb5 34. Rb7+ Ka5 {[%tqu "En","Now you don't
have too many moves","","","c5b4","",5,"c5b6","you'll play a long and not so
clear ending after this move",0]} 35. Bxb4+ $1 $18 (35. Bb6+ $5 Rxb6 36. Ra7+
Kb5 (36... Ra6 37. Rxa6+ Kxa6 38. Ra8+ Kb6 39. Rxa3 bxa3 40. e7 Nf6 41. Ne4 $18
) 37. Rxa3 bxa3 (37... Rxe6 38. Rb8+ Kc5 39. Ra5+ Kd4 40. Rd8+ $18) 38. Rxc3
Rxe6 39. Kc1 Re1+ 40. Kd2 Ra1 $132) 35... Qxb4 (35... Bxb4 36. c4 {[%cal Gb7b5]
}) 36. e7 $1 $18) 22. Rf1 Bf6 $40) (19... exf4 20. Bxf4 dxe4 21. Nxe4 Nd5 22.
Be5 Bf8 23. Qg3 Rac8 (23... Nc3+ $2 {Tyomkin,D} 24. Nxc3 bxc3 25. Bxc3) (23...
Kh8 $142 $1 {[%cal Gd5c3] Tyomkin,D I don't see how white can improve his
position} 24. Qh4 $140 Nc3+) 24. Nf6+ Nxf6 $2 25. Rxf6 $1 {[%csl Rg8][%cal
Gf6h6,Gf6e6]} Rc5 26. Re1 Rdd5 27. Rxe6 $1 {[%cal Gd3h7] Dvoirys,S-Avrukh,B/
The 16th International Chess F 1997 (58)/1-0 (28);CBM58 [Tyomkin,D]}) 20. Rd2 (
20. fxe5 Nxe4 21. Bxe4 dxe4 22. Rxd8+ Rxd8 23. Qf2 Qd5 $1 $15 (23... Qxe5 24.
Qxf7+ Kh8 25. Bf4 $16)) 20... dxe4 $17 21. Nxe4 Nd5 22. Bc4 (22. f5 $2 Nc3+ 23.
Nxc3 bxc3 24. Rdf2 e4 $1 $17 {Greenfeld A}) 22... Be6 (22... Bf5 $1 23. Rxd5
Rxd5 24. Bb6 Qxb6 25. Bxd5 Rd8 26. fxe5 Rxd5 27. Rxf5 Qd4 $17 {[%csl Re5][%cal
Gg7g6]}) 23. f5 Nc3+ 24. Nxc3 Bxc4 25. Rxd8+ Rxd8 26. Ne2 Bxe2 (26... Bd5 27.
Qf2 {[%cal Ge3b6,Gf5f6]} (27. f6 Bxf6 28. Bxh6 Be4 $17 {[%cal Ge4c2,Ge4g6]}) (
27. Qg3 Kh7 $15 (27... Be4 28. Bxh6 Bxc2+ $11)) 27... Rc8 28. Ng3 Bh4 $5 {
[%csl Rc2][%cal Gd5e4]} (28... f6 $15 {^^}) 29. f6 Be4 $15) (26... Bb5 {
[%cal Gb5f1]} 27. f6 Bxf6 28. Bxh6 {[%cal Rf1f6]} (28. Rxf6 gxf6 29. Bxh6 Kh7
30. Be3 Bxe2 $17) 28... Qb6 $15) 27. Qxe2 e4 28. Bc1 {[%cal Gc1b2,Ge2e4]} Qb5 (
28... Qd5 $1 29. Bb2 Bg5 $15 {[%cal Ge4e3] o^} 30. f6 (30. Qxa6 Qd1+ $1 31.
Rxd1 Rxd1+ 32. Bc1 Rxc1+ 33. Kb2 Rg1 $17 {[%cal Gg5f6,Gg5c1] o^e4}) 30... gxf6
31. Qxa6 Qd1+ $5 32. Rxd1 Rxd1+ 33. Bc1 Rxc1+ $1 (33... Bxc1 34. Qe2 Rg1 35. c4
f5 36. Kc2 Bg5 $44) 34. Kb2 Rg1 $17) 29. Qxb5 axb5 30. Re1 Kf8 {[%csl Ye7]} (
30... Rd4 $5 {[%cal Ge7g5]} 31. Be3 (31. Bb2 Rd2) 31... Rd5) 31. c3 $6 {
I think that Dvoirys played this game only for a win.31.c3 justifies this
opinion} (31. Rxe4 Rd1 32. h4 Rf1 $1 $15 {[%cal Rf1b1]} (32... Rg1 33. f6 $1))
31... bxc3 32. Rxe4 Rd1 $1 $17 (32... b4 $6 33. a3 bxa3 34. Ra4 {[%csl Rf8]
[%cal Gb1c2]}) 33. Kc2 Rf1 34. Rf4 Rh1 (34... Rxc1+ $2 $11 {P_|_} 35. Kxc1 Bg5
36. g3 b4 37. Kc2 Bxf4 38. gxf4 Ke7 39. a3 bxa3 40. Kxc3 Kf6 41. b4 Kxf5 42. b5
Ke6 43. Kb3 Kd6 44. Kxa3 g5 45. fxg5 hxg5 46. Kb4 f5 $11) 35. Rf2 b4 36. g3 Re1
37. Bf4 Bc5 38. Rg2 Ke7 39. Kd3 Kf6 40. Kc4 Be7 {still black has big advantage
in this ending} 41. Rf2 g5 $2 (41... c2 42. Rxc2 Kxf5 $15) (41... Rb1 $1 42.
Kd3 (42. a3 Rb2 $17 {/-+}) 42... Rb2 (42... Bc5 43. Re2) (42... Kxf5 $17) 43.
Rxb2 cxb2 44. Kc2 Kxf5 45. Kxb2 Ke4 $17 {[%cal Gg7g5,Gf7f5,Gf5f4] /-+B_|_}) 42.
Bc7 {[%cal Gc7b6,Gb6d4]} Rd1 43. Bb6 Bd6 (43... Ke5 $2 44. Re2+ Kxf5 45. Rxe7
c2 46. Be3 Re1 47. Rxf7+ Ke6 48. Rf2) (43... Kg7 44. Be3 $8 (44. Re2 Rd2 $1) (
44. f6+ Bxf6 45. Kxb4 Rd2 46. Be3 Rxf2 47. Bxf2 c2 48. Be3 Bb2 $19)) 44. Bd4+
Be5 (44... Ke7 $6 45. a4 bxa3 (45... Rd2 46. Be3) 46. Bxc3) 45. Bxe5+ Kxe5 46.
Kxb4 Rd2 47. Rf3 c2 $2 (47... Rxa2 $1 48. Rxc3 (48. Kxc3 Rxh2 49. b4 h5 50. b5
h4 $17) 48... Rxh2 $17 {black's advantage is beyond question but this is not
clear if it is enough for a win or not}) 48. Rc3 Rxh2 (48... Kxf5 $6 49. a4 Kg4
50. a5 $16) 49. a4 Kxf5 $4 {decisive mistake.Instead of to take white pawns
black had to push his pawns!} (49... h5 50. a5 h4 51. gxh4 Rxh4+ 52. Ka3 $1 (
52. Kb5 Rh3 53. Rc5+ Ke4 $3 {[%cal Ge4f5,Ge4d3]} 54. Rxc2 (54. b4 Kd3 55. a6
Kd2 $19) 54... Rxb3+ $15) 52... Rh2 $1 (52... g4 53. Rxc2 (53. b4 $2 Rh3) (53.
a6 $2 Rh6) 53... Kxf5 54. Rf2+ $1 Kg6 55. b4 f5 56. b5 g3 57. Rg2 f4 58. b6 $18
) 53. Kb2 (53. b4 $2 Rh3) (53. a6 Rh6 $17) 53... g4 54. a6 (54. Rxc2 g3) (54.
b4 Kf4 55. a6 g3) 54... c1=Q+ 55. Kxc1 Ra2 $17 {o^g}) 50. a5 Kg4 51. a6 f5 (
51... c1=Q 52. Rxc1 Ra2 53. Kb5 Kxg3 54. Kb6 h5 55. a7 h4 56. Kb7 $18) 52. Kb5
Rg2 $2 (52... Re2 53. a7 Re8 54. Rxc2 (54. Kb6 f4 {[%cal Gc4f4]} (54... Re3 $2
55. Rc4+) 55. gxf4 (55. Rxc2 fxg3) 55... Re3 $1 56. a8=Q (56. Rxe3 c1=Q 57. Re8
Qg1+ $11) 56... Rxc3 57. Qg2+ Kh4 58. Qf2+ Kg4 59. Qe2+ Kh3 60. Qf1+ Kg4 $11
61. Qc1 $2 gxf4 62. Ka5 f3 63. Kb4 Rc8 64. Qg1+ Kf5 $17) 54... f4 $1 (54...
Kxg3 55. Kb6 (55. Ra2 f4 (55... Ra8 $2 56. Kb6 f4 57. Kb7 Rh8 58. a8=Q Rxa8 59.
Kxa8 f3 60. b4 f2 61. Ra1 Kg2 62. b5 f1=Q 63. Rxf1 Kxf1 64. b6 $18) 56. a8=Q
Rxa8 57. Rxa8 f3 58. Rf8 f2 59. Kc4 Kg2 60. b4 f1=Q+ 61. Rxf1 Kxf1 62. b5 g4
$10) 55... f4 56. Kb7 f3 57. a8=Q $18) 55. gxf4 gxf4 56. Ra2 $1 (56. Kb6 f3 57.
Ra2 h5 58. a8=Q Rxa8 59. Rxa8 h4 $11) 56... f3 57. a8=Q Rxa8 58. Rxa8 h5 59.
Kc5 $1 $18 (59. Kc6 h4 60. b4 h3 61. b5 h2 62. Rh8 $1 (62. Ra1 Kg3 63. b6 Kg2
64. b7 h1=Q 65. Ra2+ f2 66. b8=Q Kg1+) 62... Kg3 63. b6 Kg2 64. b7 h1=Q 65.
Rg8+ (65. Rxh1 Kxh1 66. b8=Q f2 $11) (65. b8=Q Qxh8 $3 66. Qxh8 f2 $11) 65...
Kh3 66. b8=Q f2+) 59... h4 60. Kd4 h3 61. Ke3) (52... f4 53. a7 c1=Q 54. Rxc1
Ra2 55. Kb6 $18 {[%cal Gb6b7,Ga7a8]}) 53. a7 c1=Q 54. Rxc1 Ra2 55. Rc4+ 1-0

[Event "Bermuda op"]
[Site "Paget Parish"]
[Date "2001.02.04"]
[Round "5"]
[White "Shahade, Gregory P"]
[Black "Tyomkin, Dimitri"]
[Result "1-0"]
[WhiteElo "2465"]
[BlackElo "2500"]
[Annotator "Tyomkin,D"]
[PlyCount "105"]
[EventDate "2001.02.??"]
[EventType "swiss"]
[EventRounds "5"]
[EventCountry "BER"]
[SourceTitle "CBM 081"]
[Source "ChessBase"]
[SourceDate "2001.03.20"]
[SourceVersion "1"]
[SourceVersionDate "2001.03.20"]
[SourceQuality "1"]

1. e4 c5 2. Nf3 d6 3. d4 cxd4 4. Nxd4 Nf6 5. Nc3 Nc6 6. Bg5 e6 7. Qd2 a6 8.
O-O-O h6 9. Be3 Be7 10. f3 Nxd4 11. Bxd4 b5 12. Kb1 Rb8 13. Ba7 Rb7 14. Be3 b4
15. Ne2 e5 16. Nc1 Be6 $6 $146 (16... Rb8 {1-0 Blehm,P-Tyomkin,D/Paget Parish
BER 2001/The Week in Chess 325 (40)}) 17. Bxa6 Rb8 18. Qe2 $1 $16 {[%cal Ra6b5,
Ra6c4] /\Bb5,Bc4 This is a refutation of 16...Be6 move. White has to threats
right now: a) Bc4- to trade bishops, control the diagonal e6-a2, and to block
d5-square; b)Bb5- and there black has to play Kf8, losing the possibility to
castle, or Nd7, leaving without d5-break.} Qc7 (18... d5 19. exd5 Nxd5 20. Bb5+
Kf8 21. Bc4 $18 Qa5 $140 22. Nb3 Qa8 23. Nc5 {[%csl Rf8]}) (18... O-O $5 19.
Bc4 Qc7 20. Bxe6 (20. Bb3 Bxb3 21. cxb3 d5 $1) 20... fxe6 21. g4 d5 22. g5 hxg5
23. Bxg5 Nh5 24. Bxe7 Nf4 25. Qe3 $16) 19. Bb5+ Kf8 {The idea was to keep the
knight on d7, and to play d6-d5 as soon as possible, but after the following
move of white, black is really in troubles.} (19... Nd7 20. Ba4 O-O 21. Bb3
Rfc8 22. g4 $16) 20. Ba4 $1 $16 {[%cal Ga4b3] White moves the bishop to b3,
preventing any kind of black's counterplay on the queenside.} Kg8 {[%cal Gg8h7,
Yh8d8,Yd6d5] Following by Kh7,Rd8 and d5.} (20... Bc4 21. Qf2 d5 22. exd5 Nxd5
23. Bb3 $16) (20... d5 21. Bb3 $1 $16) 21. Bb3 Bxb3 22. cxb3 {C-file will be
used for white rooks.} (22. Nxb3 $16) 22... Qb7 {[%cal Gd6d5]} 23. Qd3 (23. Nd3
Kh7 24. Rc1 Ra8 25. Rc2 $16 {[%cal Gh1c1]}) 23... Kh7 24. Ne2 $2 {White is
trying to improve his knight- but actually white knight moves to nowhere from
e2. It was necessary to prevent d5 anyhow- and it was possible only by:} (24.
g4 Rhd8 25. g5 hxg5 26. Bxg5 $16 {and white keeps control over d5.}) 24... Rhd8
{Finally black can break the center by d5.} 25. Bf2 d5 $132 26. exd5+ g6 27.
Qe3 Nxd5 $5 {Not bad at all! Black sacrifices another pawn, but gets real
counterplay. As I found it later, this sacrifice leads to no more than
equality.} (27... Rxd5 28. Rxd5 Qxd5 29. Bg3 Nd7 $14 {And black can survive
here.}) 28. Qxe5 Bf6 29. Qg3 (29. Qe4 Re8 30. Qd3 Rbd8 31. Qc4 (31. Bd4 $2 Ne3
{[%cal Re3f5,Re3d1]}) (31. Nd4 Nf4 $132) 31... Rc8 $11) 29... Ra8 {[%cal Gb7a6,
Ya8a2] One of ideas now is to capture on a2, then check on a6, Qxe2 and black
gets an initiative.} 30. Nc1 Bg5 {I was really optimistic here about my
position: black threatens to take on c1, and Qa6 then, but suddenly my
opponent found really strong defense.} 31. f4 $1 {Disconnecting black pieces.}
Nxf4 $2 {It was the right time to equalize the game accuratly.} (31... Bxf4 32.
Qf3 Bxc1 (32... Be5 33. Nd3 Bg7 34. Nc5 $16) 33. Rxc1 {[%csl Rf7] Black
doesn't have time to attack a2 pawn, because of the weakness of f7-point.} Rd6
$11 (33... Rd7 34. Rhd1) 34. Rhd1 Rf6 $1 $11) 32. Qf3 Qb5 (32... Qc7 33. Bg3
Rac8 34. Qf2 Rxd1 35. Rxd1 $16) 33. g3 $1 {Another exact move of white leads
by force to the better ending.} (33. g4 {[%csl Gf5]} Qe5 $1 {[%cal Gg5f6]} 34.
Rhe1 Qc7 35. h4 Bf6 36. Bg3 Rac8 $14) (33. h4 $2 Qf5+ 34. Ka1 Bf6 $17 {[%csl
Rb2][%cal Gf5c2,Gf5e5]}) 33... Qf5+ 34. Ka1 Qc2 35. Bd4 {Again f7-is a trouble.
} (35. gxf4 $4 Bf6 $19) 35... Qg2 $8 36. Qxg2 Nxg2 37. Bc5 $16 Rdc8 $2 {
I was really upset about last changes on the board, and made unaccurate move,
which lead to the loss of b4-pawn.} (37... Ne3 38. Rxd8 Rxd8 39. Kb1 $16 {xb4})
38. Nd3 $18 Rab8 39. h4 Be3 40. Bxb4 Bd4 41. Rc1 Rd8 42. Bc3 {White wonna make
some trades to prevent any kind of black's counterplay in this ending.} Ne3 43.
Ne5 $1 {[%csl Rc6,Rf7] Forcing black to trade the bishop.} Bxe5 44. Bxe5 Rb5
45. Bc3 h5 46. Rhe1 Nf5 47. Rcd1 Rxd1+ (47... Rbd5 48. Rxd5 Rxd5 49. a4 $18 {
[%cal Ge1e8]}) 48. Rxd1 g5 (48... Nxg3 49. a4 (49. Rd8 g5 50. Rh8+ Kg6 51. Rg8+
Kh7 52. Rg7+ Kh6 53. a4 Rd5 54. hxg5+ Rxg5 55. Rxf7 $18) 49... Rf5 (49... Rxb3
50. Rd8 $18) 50. a5 $18) 49. b4 $1 (49. hxg5 $6 Nxg3 {[%csl Gh5][%cal Gh5h4]
and black has some chances thanks to passed pawn h.}) 49... Nxg3 50. a4 Rb7 51.
hxg5 h4 52. Rd6 {[%cal Rd6h6]} Nf5 53. Rf6 {[%csl Rf5][%cal Yf6h6]} 1-0

[Event "ISR-ch"]
[Site "Ramat Aviv"]
[Date "1998.11.09"]
[Round "2.1"]
[White "Greenfeld, Alon"]
[Black "Tyomkin, Dimitri"]
[Result "0-1"]
[WhiteElo "2535"]
[BlackElo "2465"]
[Annotator "Tyomkin,D"]
[PlyCount "74"]
[EventDate "1998.11.08"]
[EventType "k.o."]
[EventRounds "5"]
[EventCountry "ISR"]
[SourceTitle "CBM 068"]
[Source "ChessBase"]
[SourceDate "1999.02.01"]
[SourceVersion "1"]
[SourceVersionDate "1999.02.01"]
[SourceQuality "1"]

1. e4 {Gofshtein,L} c5 2. Nf3 d6 3. d4 cxd4 4. Nxd4 Nf6 5. Nc3 Nc6 6. Bg5 e6 7.
Qd2 a6 8. O-O-O h6 9. Nxc6 {'!?' Gofshtein,L. Gofshtein,L: 'This is Jacob
Murrey's idea.'} bxc6 10. Bf4 d5 11. Qe3 {Gofshtein,L: ' '} Bb4 12. Be2 $1 $146
{[%mdl 8] '!?' Gofshtein,L. Strong novelty.White tried 12.a3,but after 12..Ba5
black bishop succesfully returns to-c7 attacking e5-"key" point in this
position.I was really warried to play Rauser variation against Alon-specialist
of Rauzer with both colours.But in other hand it was really interesting what
he can show in it,and I'v got other opportunity to check my(and my friends)
analitic work.Anyway it was just 1st game of the match,and before this game in
Rauser I had good score in this variation.} O-O (12... Qa5 $1 {Gofshtein,L} 13.
Be5 Bxc3 14. Qxc3 Qxc3 15. Bxc3 Nxe4 16. Bxg7 Rg8 17. Bd4 Rxg2 18. Bf3 Rg6 19.
Bxe4 dxe4 20. Rhg1 $11) 13. e5 Nd7 (13... Ne8 {Gofshtein,L} 14. Qg3 Qa5 15. Rd3
Kh8 16. a3 $36) 14. Qg3 (14. a3 $5 {Gofshtein,L} Ba5 (14... Be7 15. Qg3 $13)
15. Qg3 Kh8 $13) 14... Kh8 15. Qh3 {[%cal Rf4h6,Yd1d3]} Kg8 {'+/=?!' Gofshtein,
L.} (15... Qe7 {Gofshtein,L} 16. Rd4 (16. Rd3 f6 $132) 16... Bxc3 (16... f5 17.
Bxh6 $18) 17. Bxh6 (17. Qxc3 c5 $132) 17... Kg8 18. Qxc3 gxh6 19. Rg4+ Kh8 20.
Qh3 f5 21. Qxh6+ Qh7 22. Rh4 Qxh6+ 23. Rxh6+ Kg7 24. Rxe6 Kf7 25. Rxc6 Nxe5 $44
) 16. Rd3 {'!?' Gofshtein,L.} (16. Qg3 {Gofshtein,L} Kh8 $11) 16... Qe7 {
'+-??' Gofshtein,L.} (16... f5 {Gofshtein,L} 17. Rg3 (17. Bxh6 Nxe5 18. Rg3 Ra7
19. f4 $16) 17... Rf7 (17... Bxc3 18. Rxg7+ Kxg7 19. Bxh6+ $18) 18. Qxh6 Bxc3
19. bxc3 Qe7 20. Bh5 Qa3+ 21. Kd1 Re7 22. Bg5 $1 $18) (16... Ra7 $8 {Gofshtein,
L} 17. Rg3 f6 18. Bxh6 Nxe5 19. f4 Bxc3 20. Rxc3 Nc4 (20... Nf7 21. Bxg7 $18)
21. Rg3 $14) 17. Rg3 Nxe5 $1 {This temporary sacrifice is the only defence for
Black which was found by Boris Avrukh.} (17... f6 $6 {Gofshtein,L} 18. Bxh6 Rf7
19. Bh5 $18) (17... Bxc3 $6 {Gofshtein,L} 18. Rxg7+ $1 Kxg7 19. Bxh6+ $18) 18.
Bxe5 (18. Rxg7+ $2 {Gofshtein,L} Kxg7 19. Qxh6+ Kg8 20. Bxe5 f6 $17) 18... f6 {
[#]That's the critical position of the game.Alon thought for a while and
didn't find the right solution.} 19. a3 $2 {'-/+??' Gofshtein,L.} (19. Qxh6
fxe5 20. Bd3 e4 21. Nxe4 $1 dxe4 22. Bxe4 Rf5 $8 23. Bxf5 exf5 24. Qxc6 $16 {
[%csl Rc4] This way white gets advantage in this line and Rauser-lovers should
find solution of the problem which,I hope, exists.} (24. Qxc6 {Gofshtein,L} Bb7
(24... Rb8 25. Re3 Qf7 (25... Bb7 26. Qc4+ Qf7 27. Qxb4 Qxa2 28. Qb3+ $18) (
25... Bd7 26. Qc7 Rc8 27. Qxc8+ Bxc8 28. Rxe7 $18) 26. Re8+ Kh7 27. Rxc8 Qxa2
28. c3 Rxc8 29. Qxc8 Qa1+ 30. Kc2 Qxh1 31. Qxf5+ $18) 25. Qc4+ Kf8 26. Rh3 Qe4
(26... g5 27. Qd4 Bc5 28. Rh8+ Kf7 29. Rh7+ Kg6 30. Rxe7 Bxd4 31. Rxb7 $18) 27.
Rh8+ Ke7 28. Qc7+ Kf6 29. Qb6+ Kf7 (29... Kg5 $2 30. h4+ Kf4 31. Qc7+ Qe5 32.
g3+ $18) 30. Rxa8 Bxa8 31. f3 $18)) (19. Bd4 e5 20. Qxh6 exd4 21. Bd3 f5) 19...
Bc5 $1 (19... Ba5 $2 20. Qh4 $1 {[%csl Re7] That's the point!Qe7 is
unprotected.}) 20. Qxh6 fxe5 21. Bd3 e4 22. Nxe4 dxe4 23. Bxe4 Rf5 {'[]'
Gofshtein,L.} 24. Bxf5 exf5 25. Qxc6 {[%mdl 1024]} Bb7 {[%csl Yc4] Gofshtein,L:
'now we can recognize the big difference between two variations: without a2-a3,
and like in the game with a2-a3. White dont have check on c4 ' Now you can see
the weekness of white's 19th move-white has no check on c4 and already black
has advantage.} 26. Qg6 Bxf2 27. Rh3 Be4 (27... Bh4 $5 {Gofshtein,L}) 28. Qh7+
Kf7 29. Rf1 {'-+?' Gofshtein,L. Gofshtein,L: 'last mistake ,better 29.Qh5'} (
29. Qh5+ $5 {Gofshtein,L} Kf6 (29... Kg8 30. Rf1 $13) 30. Rc3 Bxg2 31. Rd1 $17)
29... Qg5+ {'!' Gofshtein,L.} 30. Kb1 Qxg2 31. Rd1 {[%tqu "En","","","","f2d4",
"",10,"e4c2","",0]} Bd4 $1 {[%csl Rb2,Rc2] '-+!' Gofshtein,L.} (31... Bxc2+ $6
32. Ka2 $1) 32. Qh5+ (32. Rxd4 Qxc2+ $1 33. Ka2 Qb1+ 34. Kb3 Rb8+ 35. Rb4 (35.
Ka4 Qc2+ 36. b3 Qc6+ 37. Ka5 Qb5#) (35. Kc4 Qc2+ 36. Rc3 Qa4+ 37. b4 Rc8#)
35... Qc2+ (35... Qd1+ {Gofshtein,L} 36. Kc3 (36. Ka2 Bb1+ 37. Ka1 Bc2+ 38. Ka2
Qb1#) 36... Qc2+ 37. Kd4 Rd8+ 38. Ke3 Qd2#) 36. Ka2 Bd5+ {mating.}) 32... Ke6
33. Rc1 Rb8 34. Rb3 (34. b3 Rc8 {[%csl Rc2]} (34... g6 {Gofshtein,L} 35. Qh4
Rc8 $19)) 34... Rxb3 35. Qe8+ Kf6 36. Qd8+ Kg6 37. Qxd4 Rf3 {[%cal Gf3f1,Yg6h7]
} 0-1